000 00285nam a22001337a 4500
008 170405b xxu||||| |||| 00| 0 eng d
020 _a30944
041 _aeng
080 _a 574
100 _a9
101 _aSHM
245 _aPLANT PHYSIOLOGY
_cBIDWELL, R.G.S
942 _2udc
_cBK
999 _c9796
_d9796